Nông nghiệp xanh - sạch : Kỹ thuật trồng chuối an toàn hiệu quả /
Kaydedildi:
| Yazar: | |
|---|---|
| Diğer Yazarlar: | , |
| Materyal Türü: | Sách giấy |
| Dil: | Vietnamese Chinese |
| Baskı/Yayın Bilgisi: |
H. :
Nxb. Hà Nội,
2020.
|
| Konular: | |
| Etiketler: |
Etiketle
Etiket eklenmemiş, İlk siz ekleyin!
|
| Thư viện lưu trữ: | Thư viện Trường Đại học Đà Lạt |
|---|
| LEADER | 00941nam a2200325 4500 | ||
|---|---|---|---|
| 001 | DLU210196427 | ||
| 005 | ##20210521 | ||
| 020 | # | # | |a 9786045548608 |
| 040 | # | # | |a DLU |b vie |
| 041 | # | # | |a vie |h chi |
| 044 | # | # | |a vn |
| 082 | # | # | |a 634.772 |b PH-L |
| 100 | # | # | |a Phan Thúc Liên. |
| 245 | # | # | |a Nông nghiệp xanh - sạch : |b Kỹ thuật trồng chuối an toàn hiệu quả / |c Phan Thúc Liên, Phó Cương; Nguyễn Khắc Khoái dịch. |
| 260 | # | # | |a H. : |b Nxb. Hà Nội, |c 2020. |
| 300 | # | # | |a 78 tr. : |b minh họa; |c 21 cm. |
| 650 | # | # | |a Chuối |x Kỹ thuật trồng. |
| 700 | # | # | |a Nguyễn Khắc Khoái, |e dịch. |
| 700 | # | # | |a Phó Cương. |
| 923 | # | # | |a 03/2020 |
| 991 | # | # | |a SH |
| 992 | # | # | |a 68000 |
| 994 | # | # | |a DLU |
| 900 | # | # | |a True |
| 911 | # | # | |a Nguyễn Thanh Hương |
| 925 | # | # | |a G |
| 926 | # | # | |a A |
| 927 | # | # | |a SH |
| 980 | # | # | |a Thư viện Trường Đại học Đà Lạt |


